[Event "ROM-ch U16 Girls"]
[Site "Calimanesti Caciulata"]
[Date "2019.04.22"]
[Round "9"]
[White "Marin, Alexia Iuliana"]
[Black "Maniul, Francesca Medeea"]
[Result "0-1"]
[WhiteElo "1234"]
[BlackElo "1668"]
[PlyCount "84"]
[EventDate "2019.04.15"]
[EventType "swiss"]
[EventRounds "9"]
[EventCountry "ROU"]
[SourceTitle "CBM 190 Extra"]
[Source "ChessBase"]
[SourceDate "2019.07.15"]
[SourceVersion "1"]
[SourceVersionDate "2019.07.15"]
[SourceQuality "1"]

1. d4 d5 2. Nf3 Nf6 3. e3 e6 4. Bd3 Be7 5. b3 0-0 6. Bb2 b6 7. Nbd2 Bb7 8. 0-0 c5 9. Ne5 Ne4 10. f3 Nxd2 11. Qxd2 f6 12. Ng4 Nc6 13. a3 Qc7 14. c4 Bd6 15. h3 h5 16. Nf2 Na5 17. Qc2 cxd4 18. exd4 dxc4 19. Bh7+ Kh8 20. Qg6 Qf7 21. Qxf7 Rxf7 22. Bg6 Re7 23. bxc4 Nxc4 24. Bc3 f5 25. Bb4 Bxb4 26. axb4 Ne3 27. Rfc1 Nd5 28. g3 Nxb4 29. Bxh5 Kh7 30. f4 Rd7 31. Rc4 Nd5 32. Rac1 Re7 33. Bf3 Rd8 34. R4c2 Nb4 35. Rc3 Bxf3 36. Rxf3 Rxd4 37. Ra1 a5 38. Rc3 Red7 39. Rc8 Rd8 40. Rc7 R4d7 41. Rc4 Kg6 42. Re1 Kf7 0-1

[Event "ROM-ch U16 Girls"]
[Site "Calimanesti Caciulata"]
[Date "2019.04.20"]
[Round "7"]
[White "Dumitru, Silvia Alexandra"]
[Black "Maniul, Francesca Medeea"]
[Result "0-1"]
[WhiteElo "1268"]
[BlackElo "1668"]
[PlyCount "102"]
[EventDate "2019.04.15"]
[EventType "swiss"]
[EventRounds "9"]
[EventCountry "ROU"]
[SourceTitle "CBM 190 Extra"]
[Source "ChessBase"]
[SourceDate "2019.07.15"]
[SourceVersion "1"]
[SourceVersionDate "2019.07.15"]
[SourceQuality "1"]

1. e4 c5 2. Nc3 a6 3. g3 b5 4. Bg2 Bb7 5. Nge2 e6 6. Nf4 Nf6 7. d3 Be7 8. 0-0 b4 9. Nce2 d5 10. e5 Nfd7 11. Nh5 Bf8 12. f4 g6 13. f5 gxf5 14. Bf4 Nc6 15. Qd2 Ncxe5 16. Bg5 f6 17. Bh6 Qe7 18. Bxf8 Rxf8 19. Nef4 0-0-0 20. Ng7 Qxg7 21. Nxe6 Qe7 22. Nxd8 Rxd8 23. Rxf5 Qg7 24. Qf4 Qe7 25. d4 cxd4 26. Qxd4 Qe6 27. Raf1 a5 28. Bh3 Kb8 29. Rh5 Qe7 30. Rh6 Qg7 31. Qf4 Ka8 32. Qh4 Ng6 33. Rxh7 Qg8 34. Qh5 Qe8 35. Bxd7 Qe3+ 36. Kh1 d4+ 37. Rf3 Bxf3+ 38. Qxf3+ Qxf3+ 39. Kg1 Ne5 40. Bh3 Qd1+ 41. Kg2 Qxc2+ 42. Kg1 Qxh7 43. Bg2+ Kb8 44. h4 d3 45. Kf2 Ng4+ 46. Ke1 d2+ 47. Kd1 Nf2+ 48. Ke2 d1Q+ 49. Kxf2 Qhc2+ 50. Ke3 Qc5+ 51. Ke4 Qe5# 0-1

[Event "ROM-ch U14 Girls"]
[Site "Calimanesti"]
[Date "2018.03.30"]
[Round "5"]
[White "Maniul, Francesca Medeea"]
[Black "Popa, Andra Maria"]
[Result "1-0"]
[WhiteElo "1481"]
[BlackElo "1299"]
[PlyCount "119"]
[EventDate "2018.03.27"]
[EventType "swiss"]
[EventRounds "9"]
[EventCountry "ROU"]
[SourceTitle "EXT 2019"]
[Source "ChessBase"]
[SourceDate "2018.10.10"]
[SourceVersion "1"]
[SourceVersionDate "2018.10.10"]
[SourceQuality "1"]

1. d4 d5 2. c4 e6 3. Nc3 c6 4. Nf3 dxc4 5. a4 Bb4 6. Bd2 b5 7. axb5 Bxc3 8. Bxc3 cxb5 9. e3 a5 10. b3 Bb7 11. bxc4 b4 12. Bd2 Nf6 13. Bd3 Nbd7 14. Qc2 Qc7 15. e4 e5 16. dxe5 Nxe5 17. Nxe5 Qxe5 18. Qa4+ Nd7 19. 0-0 Qd6 20. Be3 Bc6 21. Qc2 Ne5 22. Be2 0-0 23. c5 Qe6 24. f3 a4 25. Bd4 a3 26. Rfb1 Rfb8 27. Qd2 b3 28. Qc3 b2 29. Rxa3 Rxa3 30. Qxa3 Nc4 31. Qc3 Bb5 32. Bxc4 Qxc4 33. Qxc4 Bxc4 34. Rxb2 Rxb2 35. Bxb2 Bb5 36. Kf2 f6 37. Bc1 Kf7 38. Bf4 Ke6 39. Bd6 g6 40. Ke3 Bf1 41. g3 f5 42. Kf4 Bd3 43. exf5+ Bxf5 44. Kg5 Bd3 45. Kh6 Bb5 46. Kxh7 Be8 47. Kg7 Kf5 48. h4 g5 49. hxg5 Kxg5 50. Kf8 Bc6 51. f4+ Kg4 52. Kg7 Be4 53. Kf6 Bc6 54. Ke5 Bd7 55. Be7 Bc8 56. Bh4 Bd7 57. Kd6 Bf5 58. c6 Bc8 59. Kc7 Bf5 60. Kd8 1-0

[Event "ROM-ch U14 Girls"]
[Site "Calimanesti"]
[Date "2018.03.27"]
[Round "1"]
[White "Maniul, Francesca Medeea"]
[Black "Serbanuta, Teodora"]
[Result "1-0"]
[WhiteElo "1481"]
[BlackElo "1108"]
[PlyCount "65"]
[EventDate "2018.03.27"]
[EventType "swiss"]
[EventRounds "9"]
[EventCountry "ROU"]
[SourceTitle "EXT 2019"]
[Source "ChessBase"]
[SourceDate "2018.10.10"]
[SourceVersion "1"]
[SourceVersionDate "2018.10.10"]
[SourceQuality "1"]

1. d4 d5 2. c4 e6 3. Nc3 Nf6 4. cxd5 exd5 5. Bg5 Be7 6. e3 h6 7. Bh4 0-0 8. Bd3 Nbd7 9. Nf3 b6 10. 0-0 Bb7 11. Qc2 Ne4 12. Bxe7 Qxe7 13. Ne2 c5 14. Ng3 Rfe8 15. Qe2 Rac8 16. Bb5 Rf8 17. Ba6 Nb8 18. Nf5 Qd7 19. Bxb7 Qxb7 20. Ne5 Qa6 21. Qxa6 Nxa6 22. Ne7+ Kh7 23. Nxc8 Rxc8 24. Nxf7 Rf8 25. Ne5 cxd4 26. exd4 Nc7 27. f3 Nd6 28. Nc6 a5 29. Rfe1 Rf4 30. Rad1 Ncb5 31. a4 Nc7 32. Re7 Nce8 33. b3 1-0

[Event "ROM-ch U14 Girls"]
[Site "Baile Felix"]
[Date "2017.02.08"]
[Round "8"]
[White "Lehaci, Miruna Daria"]
[Black "Maniul, Francesca Medeea"]
[Result "1-0"]
[WhiteElo "1840"]
[BlackElo "1362"]
[PlyCount "55"]
[EventDate "2017.02.02"]
[EventType "swiss"]
[EventRounds "9"]
[EventCountry "ROU"]
[SourceTitle "CBM 176 Extra"]
[Source "ChessBase"]
[SourceDate "2017.03.02"]
[SourceVersion "1"]
[SourceVersionDate "2017.03.02"]
[SourceQuality "1"]

1. e4 c5 2. Nc3 a6 3. g4 b5 4. Bg2 Bb7 5. d3 e6 6. Nh3 d5 7. exd5 exd5 8. Nf4 Ne7 9. 0-0 g5 10. Nh5 Ng6 11. Re1+ Be7 12. Bxg5 0-0 13. Bxe7 Nxe7 14. Nf6+ Kg7 15. g5 Rh8 16. Nh5+ Kf8 17. Qf3 Nd7 18. Nf6 Nxf6 19. gxf6 Ng8 20. Qh3 Nxf6 21. Qh6+ Kg8 22. Re5 Ne8 23. Rg5+ Qxg5 24. Qxg5+ Kf8 25. Re1 f6 26. Qh6+ Kf7 27. Nxd5 Bxd5 28. Bxd5# 1-0

[Event "ROM-ch U14 Girls"]
[Site "Baile Felix"]
[Date "2017.02.05"]
[Round "5"]
[White "Dumitru, Silvia Alexandra"]
[Black "Maniul, Francesca Medeea"]
[Result "0-1"]
[WhiteElo "1319"]
[BlackElo "1362"]
[PlyCount "162"]
[EventDate "2017.02.02"]
[EventType "swiss"]
[EventRounds "9"]
[EventCountry "ROU"]
[SourceTitle "CBM 176 Extra"]
[Source "ChessBase"]
[SourceDate "2017.03.02"]
[SourceVersion "1"]
[SourceVersionDate "2017.03.02"]
[SourceQuality "1"]

1. e4 c5 2. Nc3 a6 3. g3 b5 4. Bg2 Bb7 5. d3 e6 6. Be3 Nf6 7. Qd2 Be7 8. a3 0-0 9. f4 d5 10. e5 Ng4 11. d4 Qc7 12. Nge2 Nxe3 13. Qxe3 cxd4 14. Nxd4 Nc6 15. Nce2 Bc5 16. c3 Bb6 17. 0-0 Rfe8 18. Kh1 Na5 19. f5 exf5 20. Rxf5 Nc4 21. Qf4 Rxe5 22. Rg5 Rxg5 23. Qxg5 h6 24. Qh5 Qe5 25. Qg4 Nxb2 26. Rf1 Rf8 27. Qd7 Qc7 28. Qf5 Qc8 29. Qh5 Bxd4 30. cxd4 Qe6 31. Nf4 Qd6 32. Nxd5 Bxd5 33. Bxd5 Qe7 34. Qf5 Nc4 35. Be4 g6 36. Qf4 Nxa3 37. Bd5 Kg7 38. Bb3 Nc4 39. d5 Nd6 40. Qd4+ f6 41. Bc2 Nc4 42. Qf4 Qd6 43. Qg4 Qxd5+ 44. Kg1 Qc5+ 45. Rf2 f5 46. Qe2 Qe5 47. Qd1 Ne3 48. Qe1 Ng4 49. Re2 Qc5+ 50. Kf1 Nf6 51. Qa1 Ra8 52. g4 fxg4 53. Rf2 Qd6 54. Rg2 Kh7 55. Qb1 Rg8 56. Rf2 Qe7 57. Bb3 Rg7 58. Qb2 Ne4 59. Rf4 Nc5 60. Bc2 Rf7 61. Qd4 Ne6 62. Rxf7+ Qxf7+ 63. Qf2 Qxf2+ 64. Kxf2 Kg7 65. Kg3 h5 66. Be4 Nc5 67. Bc6 b4 68. Bd5 b3 69. Kf4 b2 70. Ba2 Kf6 71. Bb1 a5 72. Bc2 a4 73. Bb1 a3 74. Ba2 Na4 75. Ke3 Nc3 76. Kd3 Nxa2 77. Kc2 h4 78. Kb1 g3 79. hxg3 hxg3 80. Kxa2 g2 81. Kb1 g1Q+ 0-1

[Event "ROM-ch U14 Girls"]
[Site "Baile Felix"]
[Date "2017.02.03"]
[Round "2"]
[White "Lupascu, Diana Elena"]
[Black "Maniul, Francesca Medeea"]
[Result "1-0"]
[WhiteElo "1604"]
[BlackElo "1362"]
[PlyCount "101"]
[EventDate "2017.02.02"]
[EventType "swiss"]
[EventRounds "9"]
[EventCountry "ROU"]
[SourceTitle "CBM 176 Extra"]
[Source "ChessBase"]
[SourceDate "2017.03.02"]
[SourceVersion "1"]
[SourceVersionDate "2017.03.02"]
[SourceQuality "1"]

1. d4 Nf6 2. Nf3 e6 3. g3 d5 4. Bg2 Be7 5. 0-0 0-0 6. c4 b6 7. Nc3 Bb7 8. Ne5 Re8 9. Qa4 c5 10. dxc5 Bxc5 11. Bg5 Bd4 12. Bxf6 gxf6 13. Nd3 Bc6 14. Qb3 dxc4 15. Qxc4 Bxg2 16. Kxg2 Bxc3 17. Qxc3 Nd7 18. Rfd1 Qe7 19. Rd2 Rac8 20. Qd4 Red8 21. Qe3 Nc5 22. Nf4 Rxd2 23. Qxd2 Rd8 24. Qe3 Qd6 25. Qf3 f5 26. Qh5 Qe7 27. Qh6 f6 28. Nh5 Rf8 29. Qe3 e5 30. Qf3 Qe6 31. Qe3 Qc6+ 32. Kg1 Na4 33. Re1 Qd5 34. Qh6 Qf7 35. h3 Qg6 36. Qe3 Nc5 37. g4 fxg4 38. hxg4 Qxg4+ 39. Ng3 h5 40. Kh2 Qh4+ 41. Kg2 Kh7 42. Rh1 Qg4 43. Rxh5+ Kg7 44. Qh6+ Kf7 45. Qh7+ Qg7 46. Qc2 Ke8 47. b4 Nb7 48. Rh7 Qg4 49. Qc6+ Kd8 50. Qc7+ Ke8 51. Qe7# 1-0

[Event "ROM-ch U12 Girls"]
[Site "Calimanesti Caciulata"]
[Date "2016.04.22"]
[Round "6"]
[White "Maniul, Francesca Medeea"]
[Black "Iarca, Irina Maria"]
[Result "1-0"]
[WhiteElo "1360"]
[BlackElo "1170"]
[PlyCount "143"]
[EventDate "2016.04.18"]
[EventType "swiss"]
[EventRounds "9"]
[EventCountry "ROU"]
[SourceTitle "CBM 172 Extra"]
[Source "ChessBase"]
[SourceDate "2016.06.21"]
[SourceVersion "1"]
[SourceVersionDate "2016.06.21"]
[SourceQuality "1"]

1. d4 f5 2. c4 e6 3. Nc3 Nf6 4. Nf3 d5 5. g3 c6 6. Bg2 Bd6 7. 0-0 Nbd7 8. Bf4 Bxf4 9. gxf4 Ne4 10. Nxe4 fxe4 11. Ne5 Nxe5 12. dxe5 0-0 13. e3 Kh8 14. Qg4 Bd7 15. Kh1 Rg8 16. h4 h6 17. Rg1 Qe7 18. Bh3 Rad8 19. h5 Qf7 20. Rac1 Qf5 21. Qh4 Qf7 22. Kh2 Kh7 23. b3 a6 24. c5 Rb8 25. Qg4 Qf5 26. Qe2 Qf7 27. Rg6 Rbe8 28. Rd1 Re7 29. b4 Qf8 30. Rdg1 Qf7 31. f3 exf3 32. Qxf3 Qf8 33. e4 Qf7 34. Rf1 Rf8 35. Qd3 Kh8 36. a3 Qg8 37. Qe3 Be8 38. Rg2 Bxh5 39. exd5 cxd5 40. Rff2 Qh7 41. Rg1 Ref7 42. Bxe6 Re7 43. Bxd5 Bf7 44. Be4 Qg8 45. Qg3 Bd5 46. Re2 Bxe4 47. Rxe4 Qa2+ 48. Rg2 Qd5 49. Qe3 Rg8 50. Rd2 Qf7 51. Qh3 Rf8 52. Rf2 Qd5 53. Ree2 Ref7 54. Qe3 Qd8 55. Kg3 g5 56. fxg5 Rxf2 57. Rxf2 Rxf2 58. Kxf2 Qxg5 59. Qxg5 hxg5 60. Kg3 Kg7 61. a4 Kf7 62. b5 axb5 63. axb5 Ke7 64. Kg4 Kd7 65. Kxg5 Kc7 66. Kf6 Kd7 67. c6+ bxc6 68. bxc6+ Kxc6 69. Kf7 Kd7 70. e6+ Kd8 71. e7+ Kd7 72. e8Q+ 1-0

[Event "ROM-ch U12 Girls"]
[Site "Calimanesti Caciulata"]
[Date "2016.04.18"]
[Round "1"]
[White "Enachi, Alisa Francesca"]
[Black "Maniul, Francesca Medeea"]
[Result "0-1"]
[WhiteElo "1038"]
[BlackElo "1360"]
[PlyCount "60"]
[EventDate "2016.04.18"]
[EventType "swiss"]
[EventRounds "9"]
[EventCountry "ROU"]
[SourceTitle "CBM 172 Extra"]
[Source "ChessBase"]
[SourceDate "2016.06.21"]
[SourceVersion "1"]
[SourceVersionDate "2016.06.21"]
[SourceQuality "1"]

1. e4 c5 2. Nf3 e6 3. d4 cxd4 4. Nxd4 Nc6 5. c4 a6 6. Nc3 Nge7 7. Be3 d6 8. f4 Nxd4 9. Bxd4 Nc6 10. Be3 Be7 11. Qd2 Qc7 12. 0-0-0 0-0 13. g4 Na5 14. h4 Nxc4 15. Bxc4 Qxc4 16. g5 b5 17. Qd3 Qxd3 18. Rxd3 Bb7 19. Rg1 b4 20. f5 bxc3 21. f6 cxb2+ 22. Kxb2 Bd8 23. h5 Bxe4 24. Rd2 Rb8+ 25. Ka3 d5 26. fxg7 Be7+ 27. Ka4 Rfc8 28. g6 Rc4+ 29. Ka5 Bd8+ 30. Kxa6 Ra4# 0-1

[Event "ROM-ch U12 Girls"]
[Site "Calimanesti"]
[Date "2015.04.02"]
[Round "4"]
[White "Marina, Raluca Ioana"]
[Black "Maniul, Francesca Medeea"]
[Result "1/2-1/2"]
[WhiteElo "1256"]
[BlackElo "1043"]
[PlyCount "44"]
[EventDate "2015.03.30"]
[EventType "swiss"]
[EventRounds "9"]
[EventCountry "ROU"]
[SourceTitle "CBM 165 Extra"]
[Source "ChessBase"]
[SourceDate "2015.04.21"]
[SourceVersion "1"]
[SourceVersionDate "2015.04.21"]
[SourceQuality "1"]

1. c4 d6 2. Nc3 Nf6 3. g3 g6 4. Bg2 Bg7 5. e3 Nbd7 6. Nge2 0-0 7. 0-0 c6 8. d4 e5 9. Rb1 Re8 10. dxe5 Nxe5 11. b3 Qc7 12. Bb2 b6 13. Nd4 Bb7 14. h3 Rad8 15. f4 Ned7 16. Re1 Nf8 17. Kh2 c5 18. Nf3 d5 19. cxd5 Nxd5 20. Nxd5 Rxd5 21. Qe2 Red8 22. Bxg7 Kxg7 1/2-1/2

[Event "ROM-ch U10 Girls"]
[Site "Calimanesti"]
[Date "2014.04.06"]
[Round "1"]
[White "Marin, Alexia Iuliana"]
[Black "Maniul, Francesca Medeea"]
[Result "1-0"]
[WhiteElo "1232"]
[BlackElo "1001"]
[PlyCount "39"]
[EventDate "2014.04.06"]
[EventType "swiss"]
[EventRounds "9"]
[EventCountry "ROU"]
[SourceTitle "CBM 160 Extra"]
[Source "ChessBase"]
[SourceDate "2014.07.01"]
[SourceVersion "1"]
[SourceVersionDate "2014.07.01"]
[SourceQuality "1"]

1. e4 e5 2. Nf3 Nc6 3. Bc4 Bc5 4. c3 Nf6 5. d4 exd4 6. e5 Nxe5 7. Nxe5 0-0 8. cxd4 Qe8 9. 0-0 Bd6 10. Re1 h6 11. Nxf7 Be7 12. Nxh6+ Kh7 13. Bd3+ g6 14. Qf3 Rb8 15. Qh3 Nh5 16. Qxh5 Kg7 17. Bxg6 Qxg6 18. Rxe7+ Kh8 19. Qxg6 d6 20. Qh7# 1-0